[Event "Berlin qualification op"]
[Site "Berlin"]
[Date "2010.04.05"]
[Round "3"]
[White "Weigert, Axel"]
[Black "Costello, Colin"]
[Result "1/2-1/2"]
[WhiteElo "1916"]
[BlackElo "2047"]
[PlyCount "34"]
[EventDate "2010.04.03"]
[EventType "swiss"]
[EventRounds "9"]
[EventCountry "GER"]
[SourceTitle "EXT 2012"]
[Source "ChessBase"]
[SourceDate "2011.11.24"]
[SourceVersion "1"]
[SourceVersionDate "2011.11.24"]
[SourceQuality "1"]

1. e4 e5 2. Bc4 Nc6 3. d3 Nf6 4. Nf3 Bc5 5. 0-0 0-0 6. c3 Bb6 7. Qe2 Re8 8. h3 d5 9. Bb3 a5 10. a4 h6 11. Be3 Bxe3 12. Qxe3 Be6 13. Nbd2 Qe7 14. exd5 Nxd5 15. Bxd5 Bxd5 16. Rfe1 Rad8 17. d4 Bxf3 1/2-1/2